La Nouvelle-Orléans - Choix multiples - Statistiques

Statistiques générales
  • Ce quiz a été pris 2 669 fois
  • Le résultat moyen est 7 sur 10
Statistiques - réponses
Question Réponse % Correct
Quel genre musical est né dans cette ville ? Jazz
94%
Quel cours d'eau coule à La Nouvelle-Orléans ? Mississippi
89%
À La Nouvelle-Orléans se trouve le bayou Saint-Jean. Qu'est-ce qu'un bayou ? Une étendue d'eau marécageuse
80%
À la suite de quel évènement climatique La Nouvelle-Orléans perd 30% de sa population ? Ouragan Katrina
79%
Comment se nomment les descendants des peuples venant de l'actuel Canada et s'étant installés à La Nouvelle-Orléans ? Cajuns
72%
Comment se nomme la franchise de basketball basée à La Nouvelle-Orléans ? Les Pelicans
72%
Quel long-métrage d'animation Disney se déroule à La Nouvelle-Orléans ? La Princesse et la Grenouille
68%
De quelle fête La Nouvelle-Orléans est considérée comme la ville la plus emblématique dans le monde ? Mardi Gras
67%
Qui a vendu La Nouvelle-Orléans aux États-Unis ? Napoléon Bonaparte
59%
Laquelle de ces œuvres ne se déroule PAS à La Nouvelle-Orléans ? Bad Boys : Flics de choc
49%
Aucun quiz correspondant
Distribution des résultats
% des personnes avec chaque résultat
Percentile par nombre de réponses
Votre historique - résultats
Vous n’avez pas pris ce quiz